[Event "King's Gambit Summer Tourney"]
[Site "SchemingMind.com"]
[Date "2021.07.01"]
[Round "-"]
[White "kenneth m day"]
[Black "Gilligan"]
[Result "1/2-1/2"]
[WhiteCountry "USA"]
[BlackCountry "USA"]
[WhiteElo "1690"]
[WhiteRD "51"]
[BlackElo "1742"]
[BlackRD "54"]
[GameID "712939"]

1. e4 e5 2. f4 d5 3. exd5 e4 4. Nc3 Nf6 5. d3 Bc5 6. dxe4 Ng4 7. Bb5+ c6 8. Qe2 Nf2 9. dxc6 Nxc6 10. Be3 Bxe3
11. Qxe3 Nxh1 12. Rd1 Bd7 13. Nf3 O-O 14. Kf1 Qc7 15. Kg1 a6 16. Bd3 Nb4 17. a3 Nxd3 18. Rxd3 Bc6 19. Kxh1 Rae8 20. Kg1 Bxe4
21. Nxe4 Qxc2 22. Qd4 Qc1+ 23. Rd1 Qxf4 24. Nc5 Qc7 25. b4 Rd8 26. Qa1 Qe7 27. Re1 Qc7 28. Qe5 Qc8 29. Nh4 Rde8 30. Qg3 b6
31. Ne4 f5 32. Nd6 Rxe1+ 33. Qxe1 Qd7 34. Qe5 g6 35. Qd5+=
1/2-1/2

[Event "King's Gambit Summer Tourney"]
[Site "SchemingMind.com"]
[Date "2021.07.01"]
[Round "-"]
[White "Gilligan"]
[Black "ray winteringham"]
[Result "1-0"]
[WhiteCountry "USA"]
[BlackCountry "ENG"]
[WhiteElo "1714"]
[WhiteRD "56"]
[BlackElo "1511"]
[BlackRD "50"]
[GameID "712940"]

1. e4 e5 2. f4 exf4 3. Nf3 Bc5 4. d4 Bb6 5. Bc4 h6 6. Bxf4 d6 7. O-O Ne7 8. c3 Bg4 9. Nbd2 Nd7 10. h3 Bh5
11. Qc2 Bg6 12. Kh1 d5 13. Bd3 c6 14. exd5 Bxd3 15. Qxd3 Nxd5 16. Rae1+ Ne7 17. Bd6
1-0

[Event "King's Gambit Summer Tourney"]
[Site "SchemingMind.com"]
[Date "2021.07.01"]
[Round "-"]
[White "ray winteringham"]
[Black "Gilligan"]
[Result "0-1"]
[WhiteCountry "ENG"]
[BlackCountry "USA"]
[WhiteElo "1511"]
[WhiteRD "50"]
[BlackElo "1714"]
[BlackRD "56"]
[GameID "712941"]

1. e4 e5 2. f4 Bc5 3. d3 d5 4. Be2 Nf6 5. fxe5 Nfd7 6. e6 Nf6 7. exf7+ Kxf7 8. d4 Bb6 9. e5 Ne4 10. Bh5+ g6
11. Qf3+ Kg7 12. Bg4 Qh4+ 13. g3 Qxg4 14. Be3 Nc6 15. c3 Ne7 16. Nd2 Rf8 17. Qxg4 Bxg4 18. Nxe4 dxe4 19. h3 Be6 20. a3 Bc4
21. O-O-O a5 22. Kb1 a4 23. Re1 Ba7 24. Rh2 Nf5 25. g4 Nxe3 26. Rxe3 Rf1+ 27. Kc2 Rxg1 28. Rxe4 Rf1 29. Rd2 Raf8 30. d5 Bb3+
31. Kd3 R1f3+ 32. Ke2 Rxh3 33. Ke1 Rh1+ 34. Ke2 Rf2+ 35. Kd3 Rh3+ 36. Re3 Rxe3#
0-1

[Event "King's Gambit Summer Tourney"]
[Site "SchemingMind.com"]
[Date "2021.07.01"]
[Round "-"]
[White "Gilligan"]
[Black "Robert Bruce"]
[Result "0-1"]
[WhiteCountry "USA"]
[BlackCountry "SCO"]
[WhiteElo "1714"]
[WhiteRD "56"]
[BlackElo "2473"]
[BlackRD "70"]
[GameID "712942"]

1. e4 e5 2. f4 d5 3. exd5 c6 4. Nf3 exf4 5. d4 Bd6 6. Be2 cxd5 7. O-O Nf6 8. Bb5+ Nc6 9. Re1+ Be6 10. Ne5 Qb6
11. a4 O-O 12. Bxf4 Nxd4 13. Kh1 Ne4 14. Rf1 Nxb5 15. axb5 g5 16. Bxg5 Bxe5 17. c3 Nxg5 18. Qe2 f6 19. Nd2 Rad8 20. h4 Ne4
21. Nxe4 dxe4 22. Qxe4 Bd5 23. Qg4+ Kh8 24. c4 Rg8
0-1

[Event "King's Gambit Summer Tourney"]
[Site "SchemingMind.com"]
[Date "2021.07.01"]
[Round "-"]
[White "Robert Bruce"]
[Black "Gilligan"]
[Result "1-0"]
[WhiteCountry "SCO"]
[BlackCountry "USA"]
[WhiteElo "2473"]
[WhiteRD "70"]
[BlackElo "1714"]
[BlackRD "56"]
[GameID "712943"]

1. e4 e5 2. f4 d5 3. exd5 e4 4. d3 Nf6 5. dxe4 Bc5 6. Bd3 Ng4 7. Qe2 Nf2 8. Nf3 Nxh1 9. Be3 Qe7 10. Nc3 Bg4
11. O-O-O O-O 12. e5 Bb4 13. d6 cxd6 14. Nd5 Qd8 15. Nxb4 a5 16. Nd5 dxe5 17. fxe5 Nc6 18. Bb6 Qb8 19. Qe4 f5 20. exf6 g6
21. Ne7+ Nxe7 22. Bc4+ Kh8 23. fxe7 Qf4+ 24. Qxf4 Rxf4 25. Rd8+ Rxd8 26. exd8=Q+
1-0

[Event "King's Gambit Summer Tourney"]
[Site "SchemingMind.com"]
[Date "2021.07.01"]
[Round "-"]
[White "Gilligan"]
[Black "William Lindberg"]
[Result "0-1"]
[WhiteCountry "USA"]
[BlackCountry "USA"]
[WhiteElo "1714"]
[WhiteRD "56"]
[BlackElo "2432"]
[BlackRD "67"]
[GameID "712944"]

1. e4 e5 2. f4 exf4 3. Nf3 d6 4. Bc4 h6 5. d4 g5 6. O-O Nc6 7. e5 dxe5 8. dxe5 Qxd1 9. Rxd1 Bc5+ 10. Kh1 Bf5
11. Nc3 Bxc2 12. Re1 Nge7 13. Re2 Bf5 14. Nb5 O-O-O 15. a3 g4 16. Nh4 Rd1+ 17. Re1 Rxe1+
0-1

[Event "King's Gambit Summer Tourney"]
[Site "SchemingMind.com"]
[Date "2021.07.02"]
[Round "-"]
[White "William Lindberg"]
[Black "Gilligan"]
[Result "1-0"]
[WhiteCountry "USA"]
[BlackCountry "USA"]
[WhiteElo "2432"]
[WhiteRD "67"]
[BlackElo "1714"]
[BlackRD "56"]
[GameID "712945"]

1. e4 e5 2. f4 exf4 3. Nf3 Bc5 4. d4 Bb6 5. Bxf4 Nf6 6. e5 Nd5 7. Bg5 f6 8. exf6 Nxf6 9. Nc3 c6 10. Qe2+ Qe7
11. Qxe7+ Kxe7 12. d5 Re8 13. O-O-O Kf7 14. Bc4 cxd5 15. Nxd5 Nxd5 16. Rxd5 Kg6 17. Bd3+ Kh5 18. Bd2+ Kg4 19. Rg5#
1-0

[Event "King's Gambit Summer Tourney"]
[Site "SchemingMind.com"]
[Date "2021.07.01"]
[Round "-"]
[White "Gilligan"]
[Black "Matthew Bailey"]
[Result "0-1"]
[WhiteCountry "USA"]
[BlackCountry "ENG"]
[WhiteElo "1714"]
[WhiteRD "56"]
[BlackElo "2578"]
[BlackRD "68"]
[GameID "712946"]

1. e4 e5 2. f4 exf4 3. Bc4 Qh4+ 4. Kf1 Bc5 5. d4 Bb6 6. Nf3 Qf6 7. c3 d6 8. Nbd2 Nc6 9. Qe1 Nge7 10. Qh4 Qxh4
11. Nxh4 h6 12. Bd3 g5 13. Nf5 Nxf5 14. exf5 f6 15. Nf3 Ne7 16. Bd2 Bxf5 17. Ke2 O-O-O 18. Rae1 Rhe8 19. Bxf5+ Nxf5+ 20. Kd1 Rxe1+
21. Rxe1 Kd7 22. Ng1 c5 23. dxc5 dxc5 24. Kc2 c4 25. Ne2 Re8 26. g4 Bf2 27. Rf1 Rxe2 28. gxf5 Be3 29. Rd1 Rxh2 30. b3 g4
31. bxc4 h5 32. Kd3 Rxd2+ 33. Rxd2 Bxd2 34. Kxd2 h4
0-1

[Event "King's Gambit Summer Tourney"]
[Site "SchemingMind.com"]
[Date "2021.07.01"]
[Round "-"]
[White "Matthew Bailey"]
[Black "Gilligan"]
[Result "1-0"]
[WhiteCountry "ENG"]
[BlackCountry "USA"]
[WhiteElo "2578"]
[WhiteRD "68"]
[BlackElo "1714"]
[BlackRD "56"]
[GameID "712947"]

1. e4 e5 2. f4 d5 3. Nf3 dxe4 4. Nxe5 Nf6 5. Bc4 Be6 6. Bxe6 fxe6 7. Qe2 c6 8. Nc3 Bd6 9. d4 Nbd7 10. Bd2 O-O
11. O-O-O Bb4 12. Nxe4 a5 13. Ng5 Re8 14. c3 Bd6 15. Rhe1 h6 16. Ngf7 Qc7 17. g4 c5 18. g5 hxg5 19. fxg5 Nxe5 20. Nxd6 Rf8
21. Qxe5 Nh7 22. g6 Nf6 23. Qxe6+ Kh8 24. Re4 Nxe4 25. Qh3+
1-0